| 000 | 00557nam a2200193Ia 4500 | ||
|---|---|---|---|
| 003 | GCL | ||
| 008 | 140319s9999 xx 000 0 ara d | ||
| 040 |
_aGCL / _cGCL |
||
| 082 | 0 | 4 |
_a811.9 _bا د |
| 100 | 1 | _aاحمد بيضون | |
| 245 | 1 | 0 |
_aديوان الاخلاط والامزجة / _cاحمد بيضون |
| 260 |
_a[S.N] : _bالمؤسسة الحديثة للكتاب ، _c1984 |
||
| 300 | _a96 ص | ||
| 490 | _a | ||
| 650 | 0 | 4 | _aالشعر العربى |
| 650 | 0 | 4 | _aالعصر الحديث |
| 650 | 0 | 4 | _aالمجموعات |
| 942 |
_2ddc _cBK |
||
| 999 |
_c32761 _d32761 |
||